| 000 | 00870nam a22002777a 4500 | ||
|---|---|---|---|
| 001 | 63402 | ||
| 003 | BD-RjUL | ||
| 005 | 20211209081208.0 | ||
| 008 | 170130s1983 ilu||||| |||| 001 0 eng d | ||
| 020 | _a0673156273 | ||
| 035 | _a(BD-RjUL)63531 | ||
| 040 |
_aBD-RjUL _beng _cBD-RjUL |
||
| 041 | _aeng | ||
| 082 |
_223 _a808.042 _bTIS 1983 |
||
| 100 | 1 |
_aTibbetts, A. M. _9188648 |
|
| 245 | 1 | 0 |
_aStrategies of rhetoric : _bwith handbook / _cA. M. Tibbetts and Charlene Tibbetts. |
| 250 | _a4th ed. | ||
| 260 |
_aGlenview, Ill. : _bScott, Foresman, _cc1983. |
||
| 300 |
_axx, 471 p. ; _c23 cm. |
||
| 500 | _aIncludes index. | ||
| 650 |
_aEnglish language _xRhetoric. _9178378 |
||
| 650 |
_aEnglish language _vHandbooks, manuals, etc. _xGrammar _9188649 |
||
| 650 |
_aEnglish language _xGrammar. _9182439 |
||
| 700 |
_aTibbetts, Charlene. _9188650 |
||
| 942 |
_2ddc _cBK |
||
| 999 |
_c63402 _d63402 |
||